000 01332nam0a22003371 4500
001 rc\2173043
005 20260406144526.0
035 _a(NLR Aleph) 006524345
090 _a6464743
_c6464743
100 _a20110826d1979 |||y0rusy50 ca
101 0 _arus
102 _aRU
105 _aa z |||c|
200 1 _aУшинский в Петербурге
_e[Очерк-путеводитель]
210 _aЛенинград
_cЛениздат
_d1979
215 _a191 с., 25 л. ил.
_cил.
_d17
320 _aБиблиогр.: с. 188-190
606 _aПедагогика в России
_z19 в.
_2psbo
607 _aПетербург
_z19 в.
_2psbo
686 _aЧ33(2)51-273,0
_2rubbk
700 1 _7ca
_8rus
_aЗажурило
_bВ. К.
_cлитературовед
_f1909-2002
_gВера Константиновна
_9224204
_3RU\NLR\AUTH\770224260
702 1 _4570
_8rus
_7ca
_aУшинский
_bК. Д.
_f1823-1871
_gКонстантин Дмитриевич
_3RU\NLR\AUTH\774237
_9114219
801 0 _aRU
_bNLR
_gpsbo
801 1 _aRU
_bELAR
_2rusmarc
852 _aNLR
_j79-2/1821
899 _aRuMoRGB
_jB 79-26/343
899 _aRuMoRGB
_jB 79-26/344
942 _cBOOK
980 _aNB
981 4 3 _a(43) Тематическая подборка Санкт-Петербург
_b(43) Образование